[Event "GBR-ch78"]
[Site "Eastbourne"]
[Date "1991.08.06"]
[Round "8.10"]
[White "Parker, Jonathan"]
[Black "Emms, John M"]
[Result "1-0"]
[WhiteElo "2335"]
[BlackElo "2425"]
[PlyCount "129"]
[EventDate "1991.07.29"]
[EventType "swiss"]
[EventRounds "11"]
[EventCountry "GBR"]
[SourceTitle "EXT 1997"]
[Source "ChessBase"]
[SourceDate "1996.11.15"]
[SourceVersion "1"]
[SourceVersionDate "1996.11.15"]
[SourceQuality "1"]

1. d4 d6 2. e4 Nf6 3. Nc3 g6 4. Nf3 Bg7 5. Be2 O-O 6. O-O Bg4 7. Be3 Nc6 8. h3
Bxf3 9. Bxf3 e5 10. d5 Ne7 11. Na4 Nd7 12. c4 f5 13. c5 Nf6 14. cxd6 cxd6 15.
Nc3 fxe4 16. Bxe4 Nf5 17. Bg5 Qb6 18. Rb1 Bh6 19. Bxf5 Bxg5 20. Be6+ Kh8 21.
Qe2 a6 22. Rbd1 Qc5 23. Rd3 b5 24. Rf3 b4 25. Ne4 Nxe4 26. Qxe4 Be7 27. g3 Rxf3
28. Qxf3 Rf8 29. Qe2 a5 30. Qd2 Kg7 31. Kg2 Kh8 32. h4 a4 33. Rc1 Qa7 34. Rc4
Bd8 35. Rc8 b3 36. axb3 axb3 37. Qe3 Qxe3 38. fxe3 Be7 39. Rc7 Bf6 40. Rb7 e4
41. Rxb3 h5 42. Rb4 Be5 43. Rxe4 Rb8 44. b4 Bc3 45. Bd7 Bxb4 46. Be8 Kg7 47.
Re6 g5 48. hxg5 Bc5 49. Bxh5 Rb7 50. Kf3 Ra7 51. Bg6 Ra3 52. Bf5 Rb3 53. Kf4
Ra3 54. g6 Ra7 55. Re8 Rb7 56. Kg5 Ra7 57. Re6 Rb7 58. Kf4 Ra7 59. e4 Rb7 60.
e5 dxe5+ 61. Kxe5 Bf2 62. g4 Bc5 63. d6 Ra7 64. Kd5 Bb4 65. Kc6 1-0

[Event "GBR-ch78"]
[Site "Eastbourne"]
[Date "1991.08.06"]
[Round "8.12"]
[White "Lund, D Brett"]
[Black "Rahman, Zillur"]
[Result "1/2-1/2"]
[WhiteElo "2290"]
[BlackElo "2380"]
[PlyCount "83"]
[EventDate "1991.07.29"]
[EventType "swiss"]
[EventRounds "11"]
[EventCountry "GBR"]
[SourceTitle "EXT 1997"]
[Source "ChessBase"]
[SourceDate "1996.11.15"]
[SourceVersion "1"]
[SourceVersionDate "1996.11.15"]
[SourceQuality "1"]

1. g3 f5 2. Bg2 Nf6 3. c4 g6 4. Nc3 Bg7 5. e3 O-O 6. Nge2 e5 7. d3 d6 8. O-O c6
9. e4 Be6 10. b3 Nbd7 11. h3 Nh5 12. exf5 gxf5 13. Bf3 Bf7 14. d4 Qc7 15. Bb2
Rad8 16. Qd2 e4 17. Bg2 Rde8 18. g4 fxg4 19. hxg4 Nhf6 20. g5 Ng4 21. Qf4 Bh5
22. Qg3 e3 23. Qh4 exf2+ 24. Kh1 Ne3 25. Qxh5 Nxf1 26. Rxf1 Rf7 27. Be4 Nf8 28.
Kg2 Re6 29. Bxh7+ Nxh7 30. g6 Rff6 31. Qxh7+ Kf8 32. Rxf2 Qe7 33. Nf4 Re1 34.
d5 Qe3 35. Ne6+ Ke8 36. Nxg7+ Kd8 37. Ne6+ Rxe6 38. Rf8+ Re8 39. Rxe8+ Kxe8 40.
Qf7+ Kd8 41. Qf5 Kc7 42. Qf7+ 1/2-1/2

[Event "GBR-ch78"]
[Site "Eastbourne"]
[Date "1991.08.06"]
[Round "8.13"]
[White "Rogers, Jonathan"]
[Black "Cooper, John Grantley"]
[Result "0-1"]
[WhiteElo "2245"]
[BlackElo "2370"]
[PlyCount "30"]
[EventDate "1991.07.29"]
[EventType "swiss"]
[EventRounds "11"]
[EventCountry "GBR"]
[SourceTitle "EXT 1997"]
[Source "ChessBase"]
[SourceDate "1996.11.15"]
[SourceVersion "1"]
[SourceVersionDate "1996.11.15"]
[SourceQuality "1"]

1. d4 d5 2. Nf3 c5 3. e3 e6 4. Bd3 Nf6 5. c3 Bd6 6. O-O O-O 7. Nbd2 Nc6 8. Qe2
e5 9. dxe5 Bxe5 10. e4 Re8 11. Rd1 Bg4 12. h3 Bh5 13. Bc2 Qc7 14. Kh1 Bf4 15.
e5 Nxe5 0-1

[Event "GBR-ch78"]
[Site "Eastbourne"]
[Date "1991.08.06"]
[Round "8.14"]
[White "Canfell, Gregory"]
[Black "Rosenberg, Daniel"]
[Result "1-0"]
[WhiteElo "2355"]
[BlackElo "2230"]
[PlyCount "71"]
[EventDate "1991.07.29"]
[EventType "swiss"]
[EventRounds "11"]
[EventCountry "GBR"]
[SourceTitle "EXT 1997"]
[Source "ChessBase"]
[SourceDate "1996.11.15"]
[SourceVersion "1"]
[SourceVersionDate "1996.11.15"]
[SourceQuality "1"]

1. e4 g6 2. d4 Bg7 3. Nc3 d6 4. Be3 a6 5. Qd2 Nd7 6. O-O-O b5 7. h4 Ngf6 8. f3
Bb7 9. Bh6 Bxh6 10. Qxh6 b4 11. Nb1 c5 12. e5 dxe5 13. dxe5 Nd5 14. e6 fxe6 15.
Qg7 Rf8 16. Qxh7 Ne5 17. f4 Rxf4 18. Qh8+ Rf8 19. Qxe5 Qb6 20. Nf3 O-O-O 21.
Bc4 Rf5 22. Qe1 Rf4 23. Ne5 Rd6 24. Rf1 Rd4 25. Rf8+ Kc7 26. Nd2 Nc3 27. Nf7
Qa5 28. Nxd6 Rxd6 29. Bb3 Nxd1 30. Nc4 Qb5 31. Nxd6 exd6 32. Qxe6 Nc3 33. bxc3
bxc3 34. Rf7+ Kb8 35. Qxd6+ Ka7 36. Qd5 1-0

[Event "GBR-ch78"]
[Site "Eastbourne"]
[Date "1991.08.06"]
[Round "8.15"]
[White "Mordue, A Tyson"]
[Black "Jackson, Oliver"]
[Result "1-0"]
[WhiteElo "2210"]
[BlackElo "2345"]
[PlyCount "99"]
[EventDate "1991.07.29"]
[EventType "swiss"]
[EventRounds "11"]
[EventCountry "GBR"]
[SourceTitle "EXT 1997"]
[Source "ChessBase"]
[SourceDate "1996.11.15"]
[SourceVersion "1"]
[SourceVersionDate "1996.11.15"]
[SourceQuality "1"]

1. e4 c5 2. Nf3 e6 3. d4 cxd4 4. Nxd4 a6 5. Bd3 Nc6 6. Nxc6 dxc6 7. Nd2 e5 8.
Qh5 Bd6 9. Nc4 Nf6 10. Nxd6+ Qxd6 11. Qe2 O-O 12. O-O Bg4 13. Qe3 Rfe8 14. a4
Rad8 15. f3 Bc8 16. Bd2 Nh5 17. g3 h6 18. Qf2 Qg6 19. Kh1 Nf6 20. Bc3 h5 21. h4
c5 22. Kh2 Nd7 23. Rfd1 b6 24. Bc4 Nf6 25. Qf1 a5 26. Rxd8 Rxd8 27. Rd1 Rd4 28.
Bxd4 cxd4 29. c3 Bb7 30. cxd4 Nd7 31. Bb5 Qe6 32. Bxd7 Qxd7 33. dxe5 Qxa4 34.
Rd8+ Kh7 35. Qd1 Qb5 36. Qd2 Qxe5 37. Rd7 Bc8 38. Rxf7 Qe6 39. Rf5 g6 40. Rg5
a4 41. Qd5 Qf6 42. Re5 Kh6 43. Qd2+ Kg7 44. Re8 Be6 45. Qc3 Qxc3 46. bxc3 Bc4
47. Ra8 b5 48. Kg2 Kf6 49. Kf2 Ke5 50. Ra6 1-0

[Event "GBR-ch78"]
[Site "Eastbourne"]
[Date "1991.08.06"]
[Round "8.16"]
[White "Clarke, Stuart W"]
[Black "Britton, Richard"]
[Result "1/2-1/2"]
[WhiteElo "2335"]
[BlackElo "2255"]
[PlyCount "121"]
[EventDate "1991.07.29"]
[EventType "swiss"]
[EventRounds "11"]
[EventCountry "GBR"]
[SourceTitle "EXT 1997"]
[Source "ChessBase"]
[SourceDate "1996.11.15"]
[SourceVersion "1"]
[SourceVersionDate "1996.11.15"]
[SourceQuality "1"]

1. e4 c5 2. c3 Nf6 3. e5 Nd5 4. d4 cxd4 5. Nf3 Nc6 6. Bc4 Nb6 7. Bb3 d5 8. exd6
Qxd6 9. O-O Bf5 10. Na3 a6 11. Nxd4 Nxd4 12. cxd4 e6 13. Qf3 Qd7 14. d5 exd5
15. Be3 Bg4 16. Qf4 Bd6 17. Qd4 Nc4 18. Bxc4 dxc4 19. Nxc4 Bc7 20. Qxg7 O-O-O
21. Bf4 Bf3 22. Qc3 Bc6 23. Ne5 Qd4 24. Qh3+ Bd7 25. Nxd7 Qxf4 26. g3 Rhg8 27.
Nf6+ Kb8 28. Nxg8 Rxg8 29. Qxh7 Rg5 30. Rfd1 Bb6 31. Qh3 Bxf2+ 32. Kh1 Bxg3 33.
Qh8+ Ka7 34. Qd4+ Qxd4 35. Rxd4 Be5 36. Rd2 Rh5 37. Rf1 f6 38. Rf3 b5 39. h3
Rh7 40. Kg2 Kb6 41. Rfd3 a5 42. b3 Kc5 43. Re2 Kb4 44. Re4+ Ka3 45. b4+ Ka4 46.
bxa5+ Kxa5 47. Rb3 Rd7 48. Kf3 Rd2 49. h4 Bd6 50. Re8 Rh2 51. Kg4 b4 52. h5 Kb5
53. Ra8 Kc4 54. Rf3 Be5 55. Ra5 Kd4 56. Ra4 Rg2+ 57. Kh3 Rh2+ 58. Kg4 Rg2+ 59.
Kh4 Ke4 60. Rh3 Bd6 61. h6 1/2-1/2

[Event "GBR-ch78"]
[Site "Eastbourne"]
[Date "1991.08.06"]
[Round "8.17"]
[White "Ledger, Andrew"]
[Black "Walker, David"]
[Result "1-0"]
[WhiteElo "2345"]
[BlackElo "2345"]
[PlyCount "115"]
[EventDate "1991.07.29"]
[EventType "swiss"]
[EventRounds "11"]
[EventCountry "GBR"]
[SourceTitle "EXT 1997"]
[Source "ChessBase"]
[SourceDate "1996.11.15"]
[SourceVersion "1"]
[SourceVersionDate "1996.11.15"]
[SourceQuality "1"]

1. d4 Nf6 2. Nf3 g6 3. Bg5 Bg7 4. Nbd2 h6 5. Bh4 O-O 6. c3 d6 7. e3 Bf5 8. Bc4
g5 9. Bg3 Nbd7 10. O-O e6 11. Qe2 Nh5 12. Rfe1 Bg6 13. Nf1 Qe7 14. e4 Kh8 15.
Rad1 Rae8 16. e5 Nxg3 17. hxg3 Bh5 18. exd6 cxd6 19. Ne3 f5 20. Bd3 Qf6 21. Bb5
Qd8 22. Qd3 a6 23. Ba4 Rf6 24. Nf1 Re7 25. Rd2 Qe8 26. N3h2 g4 27. Ne3 Bg6 28.
Qe2 Rff7 29. Nc4 Qb8 30. Bxd7 Rxd7 31. Qxe6 Kh7 32. Rde2 f4 33. Qxg4 Qc7 34.
Nd2 Qa5 35. Qe6 fxg3 36. fxg3 Qg5 37. Qe3 Qa5 38. a3 Bh5 39. g4 Bg6 40. Nhf3
Qb5 41. Ne4 Kh8 42. Nh4 Bh7 43. Ng3 Bd3 44. Rd2 Rde7 45. Qxe7 Rxe7 46. Rxe7 Bf6
47. a4 Qxa4 48. Rxd3 Bxe7 49. Ng6+ Kg8 50. Nxe7+ Kf8 51. Nef5 Qa1+ 52. Kh2 Qxb2
53. Nxd6 a5 54. Re3 a4 55. Re8+ Kg7 56. Nh5+ Kh7 57. Re7+ Kh8 58. Rg7 1-0

[Event "GBR-ch78"]
[Site "Eastbourne"]
[Date "1991.08.06"]
[Round "8.18"]
[White "McLaren, Leonard"]
[Black "Summerscale, Aaron"]
[Result "1-0"]
[WhiteElo "2250"]
[BlackElo "2325"]
[PlyCount "46"]
[EventDate "1991.07.29"]
[EventType "swiss"]
[EventRounds "11"]
[EventCountry "GBR"]
[SourceTitle "EXT 1997"]
[Source "ChessBase"]
[SourceDate "1996.11.15"]
[SourceVersion "1"]
[SourceVersionDate "1996.11.15"]
[SourceQuality "1"]

1. e4 d5 2. exd5 Qxd5 3. Nc3 Qa5 4. Bc4 Nf6 5. Nge2 Bg4 6. h3 Bh5 7. O-O e6 8.
d4 c6 9. Qe1 Qc7 10. Nf4 Bg6 11. Bb3 Bd6 12. Nxg6 hxg6 13. Ne4 Nxe4 14. Qxe4
Nd7 15. c4 Nf6 16. Qf3 Rh5 17. Be3 O-O-O 18. g4 Rh7 19. Kg2 Rdh8 20. Rh1 Kb8
21. c5 Ka8 22. cxd6 Qxd6 23. Rac1 Nd7 1-0

[Event "GBR-ch78"]
[Site "Eastbourne"]
[Date "1991.08.06"]
[Round "8.29"]
[White "Baker, Chris W"]
[Black "Forbes, Cathy"]
[Result "1-0"]
[WhiteElo "2270"]
[BlackElo "2140"]
[PlyCount "87"]
[EventDate "1991.07.29"]
[EventType "swiss"]
[EventRounds "11"]
[EventCountry "GBR"]
[SourceTitle "EXT 1997"]
[Source "ChessBase"]
[SourceDate "1996.11.15"]
[SourceVersion "1"]
[SourceVersionDate "1996.11.15"]
[SourceQuality "1"]

1. d4 Nf6 2. Nf3 c5 3. d5 b5 4. c4 bxc4 5. Nc3 d6 6. e4 Bg4 7. Bxc4 Nbd7 8. O-O
g6 9. h3 Bxf3 10. Qxf3 Rb8 11. Qe2 Bg7 12. a4 Rb4 13. f4 Nh5 14. Kh2 Qb8 15.
Bb5 Kd8 16. Bxd7 Kxd7 17. g4 Nxf4 18. Rxf4 Be5 19. Kg1 Bxf4 20. Bxf4 Rxb2 21.
Qa6 Qb6 22. Qxb6 axb6 23. Rf1 h5 24. g5 Rb3 25. Rf3 Ra8 26. Kf2 b5 27. axb5 h4
28. Bd2 Rb2 29. Ke2 Ra1 30. Kd3 c4+ 31. Ke3 Rh1 32. Ne2 Rh2 33. b6 c3 34. Bxc3
Rhxe2+ 35. Kd3 Ra2 36. Rxf7 Rh2 37. b7 Rxh3+ 38. Kc4 Kc7 39. Rxe7+ Kb8 40. Bb4
Rc2+ 41. Kd4 Rc5 42. Bxc5 dxc5+ 43. Kxc5 Rg3 44. d6 1-0

[Event "GBR-ch78"]
[Site "Eastbourne"]
[Date "1991.08.07"]
[Round "9.1"]
[White "Hodgson, Julian M"]
[Black "Thipsay, Praveen Mahadeo"]
[Result "1/2-1/2"]
[WhiteElo "2570"]
[BlackElo "2490"]
[PlyCount "120"]
[EventDate "1991.07.29"]
[EventType "swiss"]
[EventRounds "11"]
[EventCountry "GBR"]
[SourceTitle "EXT 1997"]
[Source "ChessBase"]
[SourceDate "1996.11.15"]
[SourceVersion "1"]
[SourceVersionDate "1996.11.15"]
[SourceQuality "1"]

1. d4 d5 2. Nf3 Nf6 3. e3 e6 4. Nbd2 c5 5. b3 Nc6 6. Bb2 cxd4 7. exd4 Be7 8. a3
O-O 9. Bd3 Nh5 10. g3 Nf6 11. O-O b6 12. Ng5 h6 13. Ngf3 Bb7 14. Qe2 Nd7 15.
Rad1 Qc7 16. Rfe1 Rac8 17. c4 Na5 18. Rc1 Qb8 19. Bb1 Rfd8 20. Qd3 Nf8 21. Ne5
Ba8 22. Qe2 Nc6 23. Ng4 dxc4 24. Rxc4 b5 25. Rc5 f5 26. Rxb5 Qc7 27. d5 fxg4
28. dxc6 Bxc6 29. Qxg4 Bxa3 30. Bxa3 Bxb5 31. Ne4 Bc6 32. Nf6+ Kh8 33. Nh5 Be8
34. Nf4 Qa5 35. Bb4 Qg5 36. Qe2 Bf7 37. Qe4 Qf5 38. Qb7 Qf6 39. Qxa7 Rd7 40.
Qa4 Rb7 41. Qa6 Rcb8 42. Bxf8 Rxb3 43. Ba2 Rb2 44. Qd6 Rd8 45. Qc5 Rxa2 46. Be7
Qd4 47. Qxd4 Rxd4 48. Nxe6 Rdd2 49. Bc5 Re2 50. Rxe2 Rxe2 51. Nf4 Re1+ 52. Kg2
Be8 53. h4 Bc6+ 54. f3 Kh7 55. Bf2 Rc1 56. Ne2 Rc4 57. h5 Bb7 58. Nd4 Kg8 59.
g4 Kf7 60. Kg3 Rb4 1/2-1/2

[Event "GBR-ch78"]
[Site "Eastbourne"]
[Date "1991.08.07"]
[Round "9.3"]
[White "Wells, Peter K"]
[Black "Martin, Andrew D"]
[Result "1/2-1/2"]
[WhiteElo "2465"]
[BlackElo "2415"]
[PlyCount "58"]
[EventDate "1991.07.29"]
[EventType "swiss"]
[EventRounds "11"]
[EventCountry "GBR"]
[SourceTitle "EXT 1997"]
[Source "ChessBase"]
[SourceDate "1996.11.15"]
[SourceVersion "1"]
[SourceVersionDate "1996.11.15"]
[SourceQuality "1"]

1. Nf3 c5 2. c4 Nf6 3. Nc3 g6 4. d4 cxd4 5. Nxd4 Bg7 6. e4 O-O 7. Be3 Nc6 8.
Be2 d6 9. O-O Bd7 10. Qd2 Nxd4 11. Bxd4 Bc6 12. f3 a5 13. b3 Nd7 14. Be3 Nc5
15. Rab1 Qb6 16. Nb5 Rfc8 17. Rfc1 Qd8 18. Bf1 Qf8 19. Nd4 Bd7 20. Rd1 f5 21.
exf5 gxf5 22. a3 f4 23. Bf2 Be5 24. b4 axb4 25. axb4 Ne6 26. c5 Qf6 27. Bc4 Kh8
28. Nxe6 Bxe6 29. Bxe6 Qxe6 1/2-1/2

[Event "GBR-ch78"]
[Site "Eastbourne"]
[Date "1991.08.07"]
[Round "9.5"]
[White "Basman, Michael J"]
[Black "Plaskett, H James"]
[Result "1-0"]
[WhiteElo "2365"]
[BlackElo "2465"]
[PlyCount "69"]
[EventDate "1991.07.29"]
[EventType "swiss"]
[EventRounds "11"]
[EventCountry "GBR"]
[SourceTitle "EXT 1997"]
[Source "ChessBase"]
[SourceDate "1996.11.15"]
[SourceVersion "1"]
[SourceVersionDate "1996.11.15"]
[SourceQuality "1"]

1. h3 e5 2. c4 f5 3. g4 d6 4. Nc3 g6 5. Bg2 Bg7 6. d3 Nf6 7. gxf5 gxf5 8. Nf3
Nc6 9. Bg5 Ne7 10. Rg1 h6 11. Bd2 O-O 12. Qc2 Be6 13. Bh1 f4 14. d4 Bf5 15. Qb3
Ng6 16. dxe5 dxe5 17. O-O-O Qe7 18. e4 fxe3 19. Bxe3 c6 20. c5+ Kh7 21. Rd6
Rad8 22. Rgd1 Nh5 23. Nd2 Nhf4 24. Nde4 Bxh3 25. Qa4 Bg4 26. Rg1 h5 27. Qxa7
Bh6 28. Rxd8 Rxd8 29. Kb1 Nh4 30. Qa4 Nf3 31. Bxf3 Bxf3 32. Qc2 Kh8 33. Nd6 Qh7
34. Nce4 h4 35. Nf6 1-0

[Event "GBR-ch78"]
[Site "Eastbourne"]
[Date "1991.08.07"]
[Round "9.6"]
[White "Norwood, David"]
[Black "Canfell, Gregory"]
[Result "1-0"]
[WhiteElo "2500"]
[BlackElo "2355"]
[PlyCount "59"]
[EventDate "1991.07.29"]
[EventType "swiss"]
[EventRounds "11"]
[EventCountry "GBR"]
[SourceTitle "EXT 1997"]
[Source "ChessBase"]
[SourceDate "1996.11.15"]
[SourceVersion "1"]
[SourceVersionDate "1996.11.15"]
[SourceQuality "1"]

1. g3 Nf6 2. Bg2 g6 3. e4 d6 4. d4 Bg7 5. Nc3 O-O 6. Nge2 e5 7. h3 Nbd7 8. O-O
c6 9. a4 a5 10. Be3 exd4 11. Bxd4 Re8 12. g4 Qe7 13. Ng3 h6 14. Re1 Nc5 15. Qd2
Ne6 16. Be3 Kh7 17. Rad1 Rd8 18. f4 Ne8 19. Bb6 N8c7 20. f5 Be5 21. Nce2 Nf8
22. b3 d5 23. exd5 cxd5 24. Bd4 Nd7 25. Nf4 Qd6 26. Bxe5 Nxe5 27. Qf2 d4 28.
Ne4 Qb6 29. fxg6+ fxg6 30. Nd3 1-0

[Event "GBR-ch78"]
[Site "Eastbourne"]
[Date "1991.08.07"]
[Round "9.7"]
[White "Howell, James C"]
[Black "Mordue, A Tyson"]
[Result "1-0"]
[WhiteElo "2455"]
[BlackElo "2210"]
[PlyCount "63"]
[EventDate "1991.07.29"]
[EventType "swiss"]
[EventRounds "11"]
[EventCountry "GBR"]
[SourceTitle "EXT 1997"]
[Source "ChessBase"]
[SourceDate "1996.11.15"]
[SourceVersion "1"]
[SourceVersionDate "1996.11.15"]
[SourceQuality "1"]

1. e4 c5 2. Nf3 d6 3. d4 cxd4 4. Nxd4 Nf6 5. Nc3 a6 6. f4 e6 7. Qf3 Be7 8. Be3
Qc7 9. g4 Nc6 10. g5 Nd7 11. O-O-O Rb8 12. Kb1 b5 13. Bd3 b4 14. Nce2 Nc5 15.
Nxc6 Qxc6 16. Bd4 O-O 17. Rhg1 Rb7 18. Qh5 e5 19. fxe5 dxe5 20. Bxe5 Nxd3 21.
cxd3 b3 22. Nf4 bxa2+ 23. Ka1 Qb5 24. Nd5 Re8 25. Rg2 Bd8 26. Bxg7 Kxg7 27.
Qh6+ Kh8 28. Nf6 Bf5 29. exf5 Bxf6 30. gxf6 Rg8 31. Rxg8+ Kxg8 32. Qg7# 1-0

[Event "GBR-ch78"]
[Site "Eastbourne"]
[Date "1991.08.07"]
[Round "9.8"]
[White "Cooper, John Grantley"]
[Black "Rayner, Francis"]
[Result "1-0"]
[WhiteElo "2370"]
[BlackElo "2265"]
[PlyCount "101"]
[EventDate "1991.07.29"]
[EventType "swiss"]
[EventRounds "11"]
[EventCountry "GBR"]
[SourceTitle "EXT 1997"]
[Source "ChessBase"]
[SourceDate "1996.11.15"]
[SourceVersion "1"]
[SourceVersionDate "1996.11.15"]
[SourceQuality "1"]

1. d4 Nf6 2. c4 g6 3. Nc3 Bg7 4. e4 O-O 5. Nf3 d6 6. Be2 e5 7. d5 a5 8. Bg5 h6
9. Bh4 Na6 10. Nd2 Qe8 11. a3 Bd7 12. b3 Nh7 13. f3 h5 14. O-O Bh6 15. Rb1 Be3+
16. Bf2 Bc5 17. Bxc5 dxc5 18. Qe1 Qe7 19. Nd1 Qg5 20. Bd3 Rae8 21. Qe3 f5 22.
exf5 gxf5 23. f4 exf4 24. Qxf4 Qxf4 25. Rxf4 Re1+ 26. Nf1 Re5 27. Nde3 Ng5 28.
Rb2 Kg7 29. Rbf2 Kg6 30. h4 Nh7 31. Nxf5 Bxf5 32. Rxf5 Rfxf5 33. Rxf5 Rxf5 34.
Ng3 Nf6 35. Bxf5+ Kh6 36. Kf2 Nb8 37. Ke3 Nbd7 38. Kf4 a4 39. bxa4 Nb6 40. Bd3
Nxa4 41. Nf5+ Kg6 42. Nd6+ Kg7 43. Nxb7 Nd7 44. Kg5 Nf6 45. Bg6 Ng4 46. Bxh5
Ne3 47. Be2 Nxg2 48. h5 Ne3 49. h6+ Kh8 50. Nd8 Nb2 51. Kg6 1-0

[Event "GBR-ch78"]
[Site "Eastbourne"]
[Date "1991.08.07"]
[Round "9.9"]
[White "Collinson, Adam"]
[Black "Hennigan, Michael T"]
[Result "1/2-1/2"]
[WhiteElo "2325"]
[BlackElo "2300"]
[PlyCount "70"]
[EventDate "1991.07.29"]
[EventType "swiss"]
[EventRounds "11"]
[EventCountry "GBR"]
[SourceTitle "EXT 1997"]
[Source "ChessBase"]
[SourceDate "1996.11.15"]
[SourceVersion "1"]
[SourceVersionDate "1996.11.15"]
[SourceQuality "1"]

1. e4 d6 2. d4 Nf6 3. Nc3 g6 4. Nf3 Bg7 5. h3 O-O 6. Be3 c6 7. a4 Qc7 8. Qd2
Nbd7 9. a5 Rb8 10. Be2 e5 11. dxe5 dxe5 12. O-O b5 13. axb6 axb6 14. Rfd1 b5
15. b4 Re8 16. Bh6 Bb7 17. Bxg7 Kxg7 18. Qe3 Qb6 19. Qxb6 Nxb6 20. Nd2 Red8 21.
Nb3 Rxd1+ 22. Rxd1 Kf8 23. f3 Ke7 24. Kf2 Bc8 25. Ra1 Ra8 26. Rxa8 Nxa8 27. Nd1
Nb6 28. Nb2 Be6 29. Nc5 Ba2 30. Ke3 Nfd7 31. Nbd3 Nxc5 32. Nxc5 Kd6 33. h4 Nd7
34. Nxd7 Kxd7 35. g3 h6 1/2-1/2

[Event "GBR-ch78"]
[Site "Eastbourne"]
[Date "1991.08.07"]
[Round "9.10"]
[White "Rahman, Zillur"]
[Black "Parker, Jonathan"]
[Result "1/2-1/2"]
[WhiteElo "2380"]
[BlackElo "2335"]
[PlyCount "112"]
[EventDate "1991.07.29"]
[EventType "swiss"]
[EventRounds "11"]
[EventCountry "GBR"]
[SourceTitle "EXT 1997"]
[Source "ChessBase"]
[SourceDate "1996.11.15"]
[SourceVersion "1"]
[SourceVersionDate "1996.11.15"]
[SourceQuality "1"]

1. d4 d5 2. c4 e6 3. Nc3 Nf6 4. cxd5 exd5 5. Bg5 c6 6. Qc2 Na6 7. a3 Nc7 8. e3
Be7 9. Bd3 h6 10. Bh4 O-O 11. Nge2 Ne6 12. O-O b6 13. b4 Bb7 14. Rfd1 a6 15.
Bf5 Nd7 16. Bg3 Re8 17. e4 dxe4 18. d5 cxd5 19. Nxd5 Bf6 20. Rab1 Be5 21. Bxe4
Rc8 22. Qa2 Ba8 23. Ndc3 Bxg3 24. hxg3 Qe7 25. Bxa8 Rxa8 26. Nd5 Qg5 27. Nec3
Rac8 28. Ne4 Qe5 29. Nd6 Qxd6 30. Nf6+ Nxf6 31. Rxd6 Ne4 32. Rd3 Nc3 33. Rxc3
Rxc3 34. Rd1 Rec8 35. a4 R3c4 36. Qb2 a5 37. bxa5 bxa5 38. Qb5 R4c5 39. Qb6 h5
40. Rd7 Re5 41. Rd1 Rec5 42. Qb7 R8c7 43. Qf3 g6 44. Qf6 Rc1 45. Rxc1 Rxc1+ 46.
Kh2 Rc5 47. f3 Rf5 48. Qc3 Rc5 49. Qd2 Kg7 50. Qe2 Rf5 51. Qe4 Kh7 52. Kg1 Kg7
53. Qb7 Rc5 54. Kf1 Rc1+ 55. Kf2 Rc2+ 56. Kg1 Rc1+ 1/2-1/2

[Event "GBR-ch78"]
[Site "Eastbourne"]
[Date "1991.08.07"]
[Round "9.11"]
[White "Lalic, Susan"]
[Black "Mishra, Neeraj Kumar"]
[Result "1/2-1/2"]
[WhiteElo "2275"]
[BlackElo "2375"]
[PlyCount "160"]
[EventDate "1991.07.29"]
[EventType "swiss"]
[EventRounds "11"]
[EventCountry "GBR"]
[SourceTitle "EXT 1997"]
[Source "ChessBase"]
[SourceDate "1996.11.15"]
[SourceVersion "1"]
[SourceVersionDate "1996.11.15"]
[SourceQuality "1"]

1. e4 g6 2. d4 Bg7 3. Nc3 d6 4. Nf3 Nf6 5. Be2 O-O 6. O-O Bg4 7. h3 Bxf3 8.
Bxf3 Nc6 9. Ne2 e5 10. c3 Qe8 11. Re1 Rd8 12. d5 Ne7 13. c4 Nd7 14. Nc3 Nb6 15.
Qd3 f5 16. Rb1 c6 17. Be3 Qf7 18. b4 cxd5 19. cxd5 Kh8 20. Red1 fxe4 21. Nxe4
Qxd5 22. Bxb6 Qxd3 23. Rxd3 axb6 24. Nxd6 Ra8 25. a3 Nc6 26. Bxc6 bxc6 27. Rc1
c5 28. bxc5 bxc5 29. Rxc5 Kg8 30. Ne4 Ra4 31. f3 Rd4 32. Rb3 Rd7 33. a4 Ra8 34.
a5 Rda7 35. Rbb5 Kf7 36. h4 Rd7 37. Kf2 h6 38. g4 Bf8 39. Rxe5 Be7 40. h5 gxh5
41. Rxh5 Ra6 42. Rb6 Rxb6 43. axb6 Kg7 44. Ra5 Bd8 45. Rb5 Rb7 46. Kg3 Rxb6 47.
Rxb6 Bxb6 48. f4 Bc7 49. Kf3 Kg6 50. Ng3 Bb8 51. Ne4 Bc7 52. f5+ Kf7 53. Nc3
Be5 54. Nd5 Bb2 55. Kg3 Bc1 56. Kh4 Bg5+ 57. Kh5 Kg7 58. Nc3 Kf7 59. Ne4 Bf4
60. Kh4 Kg7 61. Kh3 Kf7 62. Kg2 Bc7 63. Kf3 Bd8 64. Ke3 Bc7 65. Kd4 Bf4 66. Kd5
Bh2 67. Kc6 Bf4 68. Kd7 Bh2 69. Nc5 Bg3 70. Ne6 Bh4 71. Nf4 Bg3 72. Ng6 Bh2 73.
Nh8+ Kg7 74. Ng6 Kf7 75. Kc6 Kf6 76. Nf8 Kf7 77. Nd7 Ke7 78. Nc5 Bf4 79. Kd5
Kf7 80. Nd3 Bh2 1/2-1/2

[Event "GBR-ch78"]
[Site "Eastbourne"]
[Date "1991.08.07"]
[Round "9.12"]
[White "Daly, Colm"]
[Black "Ledger, Andrew"]
[Result "0-1"]
[WhiteElo "2230"]
[BlackElo "2345"]
[PlyCount "160"]
[EventDate "1991.07.29"]
[EventType "swiss"]
[EventRounds "11"]
[EventCountry "GBR"]
[SourceTitle "EXT 1997"]
[Source "ChessBase"]
[SourceDate "1996.11.15"]
[SourceVersion "1"]
[SourceVersionDate "1996.11.15"]
[SourceQuality "1"]

1. e4 d5 2. exd5 Qxd5 3. Nc3 Qa5 4. Nf3 Nf6 5. g3 Bg4 6. Bg2 c6 7. h3 Bh5 8.
O-O e6 9. d3 Nbd7 10. Qe1 Be7 11. Nd2 O-O 12. Nc4 Qd8 13. Bf4 Nb6 14. Ne5 Nbd5
15. Bd2 Qc7 16. Rc1 Rfe8 17. a3 Rad8 18. Kh1 Bd6 19. Nc4 Bf8 20. Ne4 Nd7 21.
Nc3 f6 22. Ne3 N7b6 23. Ncd1 e5 24. Ba5 Nf4 25. gxf4 exf4 26. Rg1 fxe3 27. fxe3
Bd6 28. Qh4 Bg6 29. Bf3 Qe7 30. b4 Ra8 31. Rb1 Qe5 32. Rg2 Nd5 33. b5 Nxe3 34.
Nxe3 Qxe3 35. Rf1 Qe5 36. a4 Rac8 37. Bb4 Bxb4 38. Qxb4 Qf5 39. h4 Re3 40. bxc6
Rxf3 41. Rxf3 Qxf3 42. cxb7 Qh3+ 43. Kg1 Rb8 44. Qc4+ Bf7 45. Qc7 Qe3+ 46. Rf2
Qe5 47. Qxe5 fxe5 48. Rf5 Rxb7 49. Rxe5 Rc7 50. Rb5 h6 51. Rb2 a5 52. Kf2 Be8
53. c4 Kf7 54. Ke3 Ke6 55. Kd4 Kd6 56. Rb6+ Ke7 57. Ra6 Bxa4 58. Rxa5 Bd1 59.
Ke4 Rc6 60. c5 Ke6 61. Kd4 g6 62. Ra1 Bg4 63. Re1+ Kd7 64. Re3 Rf6 65. Rg3 h5
66. Rg1 Rf4+ 67. Ke3 Rf3+ 68. Ke4 Rh3 69. d4 Rxh4 70. Ra1 Bf5+ 71. Kd5 Ke7 72.
Re1+ Kf6 73. c6 Rh2 74. Kd6 h4 75. d5 Rd2 76. c7 h3 77. Kc5 h2 78. d6 Bd7 79.
Re7 h1=Q 80. Rxd7 Qd5+ 0-1

[Event "GBR-ch78"]
[Site "Eastbourne"]
[Date "1991.08.07"]
[Round "9.13"]
[White "Britton, Richard"]
[Black "Lund, D Brett"]
[Result "1/2-1/2"]
[WhiteElo "2255"]
[BlackElo "2290"]
[PlyCount "94"]
[EventDate "1991.07.29"]
[EventType "swiss"]
[EventRounds "11"]
[EventCountry "GBR"]
[SourceTitle "EXT 1997"]
[Source "ChessBase"]
[SourceDate "1996.11.15"]
[SourceVersion "1"]
[SourceVersionDate "1996.11.15"]
[SourceQuality "1"]

1. e4 c5 2. Nf3 e6 3. d3 Nc6 4. g3 g6 5. Bg2 Bg7 6. O-O Nge7 7. Re1 e5 8. a3 d6
9. Nc3 O-O 10. Rb1 h6 11. b4 b6 12. b5 Nd4 13. Nd2 Be6 14. Nc4 Qd7 15. a4 Rad8
16. Nd5 Nxd5 17. exd5 Bg4 18. f3 Bh3 19. Bh1 Nf5 20. c3 Ne7 21. Bd2 Rfe8 22. a5
Nxd5 23. f4 e4 24. Qb3 e3 25. Nxe3 Nxe3 26. Bxe3 d5 27. axb6 axb6 28. Bf2 Rxe1+
29. Rxe1 Bf5 30. d4 c4 31. Qa4 h5 32. Qa6 Qd6 33. Qb7 Be6 34. Ra1 Rb8 35. Ra8
Rxa8 36. Qxa8+ Kh7 37. f5 gxf5 38. Be3 h4 39. Bf4 Qd7 40. Qa6 Qd8 41. Qb7 Bh6
42. Qc7 Qg8 43. Bxh6 Kxh6 44. Qxb6 Qg5 45. Bxd5 hxg3 46. hxg3 Qxg3+ 47. Bg2
Qe1+ 1/2-1/2